Shaffer : (Registro nro. 5842)
[ vista simple ]
| 000 -LEADER | |
|---|---|
| fixed length control field | 01433cam a2200385 i 4500 |
| 001 - CONTROL NUMBER | |
| control field | 5842 |
| 003 - CONTROL NUMBER IDENTIFIER | |
| control field | Mx-PuUPA |
| 005 - DATE AND TIME OF LATEST TRANSACTION | |
| control field | 20200716105504.0 |
| 008 - FIXED-LENGTH DATA ELEMENTS--GENERAL INFORMATION | |
| fixed length control field | 140415s1988 mx a r 000 0 spa d |
| 020 ## - INTERNATIONAL STANDARD BOOK NUMBER | |
| International Standard Book Number | 9682514703 |
| 020 ## - INTERNATIONAL STANDARD BOOK NUMBER | |
| International Standard Book Number | 9682514754 (v.1) |
| 020 ## - INTERNATIONAL STANDARD BOOK NUMBER | |
| International Standard Book Number | 9682514762 (v.2) |
| 020 ## - INTERNATIONAL STANDARD BOOK NUMBER | |
| International Standard Book Number | 9682514770 (v.3) |
| 020 ## - INTERNATIONAL STANDARD BOOK NUMBER | |
| International Standard Book Number | 9682514789 (v.4) |
| 040 ## - CATALOGING SOURCE | |
| Original cataloging agency | Mx-PuUPA |
| Language of cataloging | spa |
| Transcribing agency | Mx-PuUPA |
| Modifying agency | Mx-PuUPA |
| Description conventions | rda |
| 041 1# - LANGUAGE CODE | |
| Language code of text/sound track or separate title | spa |
| Language code of original | eng |
| 100 1# - MAIN ENTRY--PERSONAL NAME | |
| Personal name | Avery, Mary Ellen, |
| Dates associated with a name | 1927-2011 |
| Relator term | autor |
| 9 (RLIN) | 8451 |
| 240 10 - UNIFORM TITLE | |
| Uniform title | Shaffer's. Deseases of the newborn. |
| Language of a work | Español |
| 245 10 - TITLE STATEMENT | |
| Title | Shaffer : |
| Remainder of title | manual del recién nacido / |
| Statement of responsibility, etc. | Mary Ellen Avery, William Taeusch ; traducción, Antonio Arbelo López de Letona [y otros tres] |
| 250 ## - EDITION STATEMENT | |
| Edition statement | Primera edición |
| 264 #4 - PRODUCTION, PUBLICATION, DISTRIBUTION, MANUFACTURE, AND COPYRIGHT NOTICE | |
| Place of production, publication, distribution, manufacture | México, D.F. : |
| Name of producer, publisher, distributor, manufacturer | Nueva Editorial Interamericana, |
| Date of production, publication, distribution, manufacture, or copyright notice | ©1988 |
| 300 ## - PHYSICAL DESCRIPTION | |
| Extent | 4 volúmenes (paginación varía) : |
| Other physical details | ilustraciones ; |
| Dimensions | 29 cm. |
| 336 ## - CONTENT TYPE | |
| Fuente | rdacontent |
| Content type term | texto |
| Content type code | txt |
| 337 ## - MEDIA TYPE | |
| Source | rdamedia |
| Media type term | sin medio |
| Media type code | n |
| 338 ## - CARRIER TYPE | |
| Source | rdacarrier |
| Carrier type term | volumen |
| Carrier type code | nc |
| 650 #4 - SUBJECT ADDED ENTRY--TOPICAL TERM | |
| Topical term or geographic name entry element | Niños recién nacidos |
| General subdivision | Enfermedades |
| 650 #4 - SUBJECT ADDED ENTRY--TOPICAL TERM | |
| Topical term or geographic name entry element | Niños recién nacidos |
| 650 #4 - SUBJECT ADDED ENTRY--TOPICAL TERM | |
| Topical term or geographic name entry element | Pediatría |
| 700 1# - ADDED ENTRY--PERSONAL NAME | |
| Personal name | Taeusch, William, |
| Relator term | autor |
| 700 1# - ADDED ENTRY--PERSONAL NAME | |
| Personal name | López de Letona, Antonio Arbelo, |
| Relator term | traductor |
| 700 1# - ADDED ENTRY--PERSONAL NAME | |
| Relationship information | Traducción de (obra): |
| Personal name | Avery, Mary Ellen, |
| Dates associated with a name | 1927-2011. |
| Title of a work | Shaffer's. Deseases of the newborn |
| 942 ## - ADDED ENTRY ELEMENTS (KOHA) | |
| Source of classification or shelving scheme | Dewey Decimal Classification |
| Koha item type | Libro |
| Classification part | 618.92 |
| Item part | A948 |
| Withdrawn status | Lost status | Source of classification or shelving scheme | Damaged status | Not for loan | Collection code | Home library | Current library | Shelving location | Date acquired | Source of acquisition | Serial Enumeration / chronology | Total Checkouts | Full call number | Barcode | Date last seen | Price effective from | Koha item type | Copy number |
|---|---|---|---|---|---|---|---|---|---|---|---|---|---|---|---|---|---|---|
| Dewey Decimal Classification | Referencia | Biblioteca Karol Wojtyla | Biblioteca Karol Wojtyla | Área de silencio | 03/12/2013 | Compra | v.1 | 618.92 A948 1988 | 17816 | 05/01/2026 | 03/12/2013 | Libro R | ||||||
| Dewey Decimal Classification | Referencia | Biblioteca Karol Wojtyla | Biblioteca Karol Wojtyla | Área de silencio | 03/12/2013 | Compra | v.2 | 618.92 A948 1988 | 37358 | 05/01/2026 | 03/12/2013 | Libro R | Ej.1 | |||||
| Dewey Decimal Classification | Referencia | Biblioteca Karol Wojtyla | Biblioteca Karol Wojtyla | Área de silencio | 03/12/2013 | Compra | v.3 | 618.92 A948 1988 | 17818 | 05/01/2026 | 03/12/2013 | Libro R | ||||||
| Dewey Decimal Classification | Referencia | Biblioteca Karol Wojtyla | Biblioteca Karol Wojtyla | Área de silencio | 03/12/2013 | Compra | v.2 | 618.92 A948 1988 | 17817 | 05/01/2026 | 03/12/2013 | Libro R | ||||||
| Dewey Decimal Classification | Referencia | Biblioteca Karol Wojtyla | Biblioteca Karol Wojtyla | Área de silencio | 03/12/2013 | Compra | v.3 | 618.92 A948 1988 | 37359 | 05/01/2026 | 03/12/2013 | Libro R | Ej.1 | |||||
| Dewey Decimal Classification | Referencia | Biblioteca Karol Wojtyla | Biblioteca Karol Wojtyla | Área de silencio | 03/12/2013 | Compra | v.1 | 618.92 A948 1988 | 37357 | 05/01/2026 | 03/12/2013 | Libro R | Ej.1 | |||||
| Dewey Decimal Classification | Referencia | Biblioteca Karol Wojtyla | Biblioteca Karol Wojtyla | Área de silencio | 03/12/2013 | Compra | v.4 | 618.92 A948 1988 | 17819 | 05/01/2026 | 03/12/2013 | Libro R | ||||||
| Dewey Decimal Classification | Referencia | Biblioteca Karol Wojtyla | Biblioteca Karol Wojtyla | Área de silencio | 03/12/2013 | Compra | v.4 | 618.92 A948 1988 | 37360 | 05/01/2026 | 03/12/2013 | Libro R | Ej.1 |